Central Library OPAC University of Rajshahi

A biography of the Indian nation, 1947-1997 / (Record no. 54682)

MARC details
000 -LEADER
fixed length control field 00763nam a2200253 a 4500
001 - CONTROL NUMBER
control field 54682
003 - CONTROL NUMBER IDENTIFIER
rucl marc code BD-RJUL
005 - DATE AND TIME OF LATEST TRANSACTION
control field 20211209080144.0
008 - FIXED-LENGTH DATA ELEMENTS--GENERAL INFORMATION
fixed length control field 161108s2001 ii 001 0 eng d
020 ## - INTERNATIONAL STANDARD BOOK NUMBER
International Standard Book Number 0761995196 US
International Standard Book Number 8170369975 India
035 ## - SYSTEM CONTROL NUMBER
System control number BD-RJUL 54804
040 ## - CATALOGING SOURCE
Original cataloging agency DLC
Transcribing agency DLC
Language of cataloging eng
041 ## - LANGUAGE CODE
Language code of text/sound track or separate title eng
082 0# - DEWEY DECIMAL CLASSIFICATION NUMBER
Classification number 954.04
Edition number 23
Author mark and year SAB 2001
100 1# - MAIN ENTRY--PERSONAL NAME
Personal name Samāddāra, Raṇabīra.
9 (RLIN) 163066
245 12 - TITLE STATEMENT
Title A biography of the Indian nation, 1947-1997 /
Statement of responsibility, etc. by Ranabir Samaddar.
260 ## - PUBLICATION, DISTRIBUTION, ETC. (IMPRINT)
Place of publication, distribution, etc. New Delhi :
Name of publisher, distributor, etc. London :
-- Sage,
Date of publication, distribution, etc. 2001.
300 ## - PHYSICAL DESCRIPTION
Pagination 342 p. ;
Size 23 cm.
504 ## - BIBLIOGRAPHY, ETC. NOTE
Bibliography, etc Includes bibliographical references.
651 #0 - SUBJECT ADDED ENTRY--GEOGRAPHIC NAME
Geographic name India
General subdivision History
Chronological subdivision 1947-
9 (RLIN) 163067
Geographic name India
General subdivision Politics and government
Chronological subdivision 1947-
9 (RLIN) 125446
942 ## - ADDED ENTRY ELEMENTS (KOHA)
Source of classification or shelving scheme Dewey Decimal Classification
Koha item type Books
Holdings
Lost status Source of classification or shelving scheme Damaged status Not for loan Collection code Permanent Location Current Location Shelving location Date acquired Source of acquisition Cost, normal purchase price Total Checkouts Full call number Date last seen Copy number Koha item type
  Dewey Decimal Classification     Non-fiction Central Library, University of Rajshahi Central Library, University of Rajshahi   29/07/2008 Paragon Enterprises Dhaka 495.00   954.04 SAB 2001 08/11/2016 C-2 Books
  Dewey Decimal Classification   Not For Loan Non-fiction Central Library, University of Rajshahi Central Library, University of Rajshahi Reading Room 29/07/2008 Paragogn Enterprise, Dhaka 495.00   954.04 SAB 2001 08/02/2017 C-1 Books